Odkaz Černého vlka : sborník referátů ze semináře ke 150. výročí narození Ernesta Thompsona Setona : Praha, 17. listopadu 2010 /

Korporativní autor: Liga lesní moudrosti dětí a mládeže - Woodcrafter ČR
Další autoři: Odkaz Černého vlka (seminář), Kupka, Martin, 1958-
Jazyk: Slovenština
Čeština
Vydáno: Praha : Avalon, 2010
Témata:
Fyzický popis: 42 s. ; 22 cm
Language note: Část. slovenský text
Knihy
Uloženo v:
LEADER 01977nam a2200505 a 4500
001 nkc20102157698
003 CZ PrNK
005 20111128122113.0
007 ta
008 110104s2010 xr e 010 0bcze
015 |a cnb002157698 
020 |a 978-80-254-9048-8  |q (v knize neuvedeno ;  |q brož.) 
020 |a 978-80-905012-0-1  |q (dotisk ;  |q brož.) 
035 |a (OCoLC)703551615 
040 |a ABA001  |b cze 
041 0 |a cze  |a slo 
045 |a w-x- 
072 7 |a 37  |x Výchova a vzdělávání  |2 Konspekt  |9 22 
080 |a 821.111(73)-051  |2 MRF 
080 |a 379.84.03  |2 MRF 
080 |a (062.534)  |2 MRF 
111 2 |a Odkaz Černého vlka (seminář)  |d (2010 :  |c Praha, Česko)  |7 kn20111116001 
245 1 0 |a Odkaz Černého vlka :  |b sborník referátů ze semináře ke 150. výročí narození Ernesta Thompsona Setona : Praha, 17. listopadu 2010 /  |c [uspořádal Martin Kupka - Logan] 
260 |a Praha :  |b Avalon,  |c 2010 
300 |a 42 s. ;  |c 22 cm 
500 |a Název z obálky 
500 |a V r. 2011 dotisk 
504 |a Obsahuje bibliografie a bibliografické odkazy 
521 8 |a Pro vnitřní potřebu Ligy lesní moudrosti 
546 |a Část. slovenský text 
600 1 7 |a Seton, Ernest Thompson,  |d 1860-1946  |7 jn19990007461  |2 czenas 
648 7 |a 19.-20. století  |7 ch757015  |2 czenas 
650 0 7 |a američtí spisovatelé  |7 ph117171  |y 19.-20. století  |2 czenas 
650 0 7 |a woodcraft  |7 ph127500  |2 czenas 
650 0 9 |a American authors  |y 19th-20th centuries  |2 eczenas 
650 0 9 |a woodcraft  |2 eczenas 
655 7 |a sborníky konferencí  |7 fd133333  |2 czenas 
655 9 |a proceedings of conferences  |2 eczenas 
700 1 |a Kupka, Martin,  |d 1958-  |7 jx20110104013  |4 com 
710 2 |a Liga lesní moudrosti dětí a mládeže - Woodcrafter ČR  |7 ko2003197231 
910 2 |a BOA001  |b 2-1275.275 
990 |a BK 
995 |a 01 
991 |b 201111  |e n 
996 6 |b 2610492951  |c 2-1275.275  |l MZK  |r Sklad / do 1 hodiny  |n 5  |p p.v.  |w 001212926  |u 000010  |a 1  |e BOA001  |j MZK50  |s P